| 000 | 00816cam a2200253 4500 | ||
|---|---|---|---|
| 001 | BD-DhSAU 1573 | ||
| 003 | BD-DhSAU | ||
| 005 | 20150119104859.0 | ||
| 008 | 721205s1973 ii b 001 0 eng | ||
| 020 | _a0852267533 | ||
| 040 | _aBD-DhSAU | ||
| 082 | 0 | 0 |
_a519.54 _222 _bRAL |
| 100 | 1 |
_aRao, C. Radhakrishna _q(Calyampudi Radhakrishna) |
|
| 245 | 1 | 0 |
_aLinear statistical inference and its applications / _cC. Radhakrishna Rao. |
| 250 | _a2d ed. | ||
| 260 |
_aNew York : _bWiley Eastern Limited ; _cc1973. |
||
| 300 |
_axx, 625 p. : _c23 cm. |
||
| 440 | 0 | _aWiley series in probability and mathematical statistics | |
| 500 | _a"A Wiley-Interscience publication." | ||
| 504 | _aIncludes bibliographical references & index. | ||
| 590 | _aJerin | ||
| 650 | 0 | _aMathematical statistics. | |
| 650 | 0 | _astatistics. | |
| 942 |
_2ddc _cBOOK |
||
| 999 |
_c1573 _d1573 |
||